La concertacin̤ polt̕ica en contextos de democracias fragmentadas: el caso. Pacto por Mx̌ico /

Detalles Bibliográficos
Autor principal: Guerrero Aguirre, Francisco Javier
Otros Autores: Amador Hernǹdez, Juan Carlos
Formato: eBook
Lenguaje:español
Publicado: Ciudad de Mx̌ico: Cm̀ara de Diputados, 2016
Materias:
Acceso en línea:Acceso restringido

MARC

LEADER 00000nam a22000007a 4500
005 20170929171054.0
007 cr|||| ||||
008 170929s2016 mx |||||s|||| 00||0 spa d
020 |a 978-607-97198-1-4 
035 |a 20637 
040 |a vLex 
090 |c 7031  |d 7031 
100 1 |a Guerrero Aguirre, Francisco Javier 
245 1 2 |a La concertacin̤ polt̕ica en contextos de democracias fragmentadas: el caso.  |h [Recurso electrn̤ico]:  |b Pacto por Mx̌ico /  |c Francisco Javier Guerrero Aguirre, Juan Carlos Amador Hernǹdez 
256 |a Servicio en ln̕ea 
260 |a Ciudad de Mx̌ico:  |b Cm̀ara de Diputados,  |c 2016 
300 |a 1 recurso electrn̤ico 
506 1 |a Disponible solo en los productos indicados  |d vLex Global  |d vLex Global (Academic Edition, excluding Law Schools)  |d vLex Global (U.S. Academic Edition, Law Schools)  |d vLex Global (U.S. Academic Edition, excluding Law Schools)  |d vLex Global (Academic Edition, Law Schools) 
650 |a Derecho civil  |z Mx̌ico 
650 |a Derecho constitucional  |z Mx̌ico 
700 1 |a Amador Hernǹdez, Juan Carlos 
740 0 |a vLex Libros (Servicio en ln̕ea) 
856 4 0 |u http://vlex.com/source/concertacion-politica-en-contextos-de-democracias-fragmentadas-el-caso-pacto-por-mexico-20637  |z Acceso restringido 
942 |c BOOK 
999 0 |a Constitutional law 
999 0 |a Civil law